000 00357 a2200145 4500
003 NUST
005 20230215132858.0
040 _cNust
082 _a297,AHM
100 _aAhmed, Ishtiaq
_989835
245 _aHolnak Aag / ھولناک آگ (Urdu) /
_cIshtiaq Ahmed
260 _aLahore
_bDar-us- salam
_c2005
300 _a24p.;
942 _2ddc
_cBK
_k297,AHM
999 _c217213
_d217213